[Event "Bucharest Grand Prix op"]
[Site "Bucharest"]
[Date "2024.03.23"]
[Round "4"]
[White "Efroimski, Marsel"]
[Black "Stanciu, Andreea Briana"]
[Result "1-0"]
[WhiteElo "2467"]
[BlackElo "1976"]
[PlyCount "50"]
[EventDate "2024.03.23"]
[EventType "swiss (rapid)"]
[EventRounds "10"]
[EventCountry "ROU"]
[SourceTitle "CB13_2024"]
[SourceDate "2024.03.27"]
[SourceVersion "1"]
[SourceVersionDate "2024.03.27"]
[SourceQuality "1"]

1. e4 c5 2. Nc3 Nc6 3. Bb5 Nd4 4. Nf3 Nxf3+ 5. Qxf3 e6 6. a4 a6 7. Bc4 d6 8. d3 Nf6 9. Bb3 Be7 10. g4 h6 11. h4 Nd7 12. Qg3 b6 13. Bf4 Nb8 14. 0-0-0 Nc6 15. Be3 Bb7 16. g5 hxg5 17. hxg5 Kd7 18. g6 Bf6 19. Rxh8 Qxh8 20. gxf7 Qh5 21. f4 Nd4 22. Bxd4 cxd4 23. Nb1 Rh8 24. Nd2 Qh4 25. Qxh4 Rxh4 1-0

[Event "ROM-ch (Women)"]
[Site "Eforie Nord"]
[Date "2024.02.27"]
[Round "5"]
[White "Sandu, Mihaela"]
[Black "Stanciu, Andreea Briana"]
[Result "1-0"]
[WhiteElo "2270"]
[BlackElo "1960"]
[PlyCount "57"]
[EventDate "2024.02.24"]
[EventType "swiss"]
[EventRounds "9"]
[EventCountry "ROU"]
[SourceTitle "CB10_2024"]
[SourceDate "2024.03.06"]
[SourceVersion "1"]
[SourceVersionDate "2024.03.06"]
[SourceQuality "1"]

1. e4 c6 2. d4 d5 3. e5 Bf5 4. h4 h6 5. g4 Be4 6. f3 Bh7 7. e6 Qd6 8. exf7+ Kxf7 9. f4 Nf6 10. Nf3 Nxg4 11. Ne5+ Nxe5 12. fxe5 Qg6 13. Be3 e6 14. Bd3 Qg3+ 15. Bf2 Qf4 16. Bxh7 Rxh7 17. Nd2 Kg8 18. Qe2 g6 19. 0-0-0 Be7 20. Rdf1 h5 21. Rhg1 Qf7 22. Be3 Qe8 23. Qd3 Bxh4 24. Rxg6+ Kh8 25. Nf3 Bd8 26. Bg5 Nd7 27. Bxd8 Rxd8 28. Ng5 Nf8 29. Rgf6 1-0

[Event "ROM-ch (Women)"]
[Site "Eforie Nord"]
[Date "2024.02.24"]
[Round "1"]
[White "Stanciu, Andreea Briana"]
[Black "Badica, Ariana"]
[Result "1-0"]
[WhiteElo "1960"]
[BlackElo "1494"]
[PlyCount "69"]
[EventDate "2024.02.24"]
[EventType "swiss"]
[EventRounds "9"]
[EventCountry "ROU"]
[SourceTitle "CB10_2024"]
[SourceDate "2024.03.06"]
[SourceVersion "1"]
[SourceVersionDate "2024.03.06"]
[SourceQuality "1"]

1. d4 Nf6 2. Nf3 d5 3. Bf4 e6 4. e3 c5 5. c3 Nc6 6. Bd3 Bd6 7. Bg3 0-0 8. Nbd2 Qc7 9. dxc5 Bxg3 10. hxg3 e5 11. e4 Rd8 12. exd5 Rxd5 13. Qc2 h6 14. b4 a5 15. Ne4 Nxe4 16. Bxe4 Rd8 17. 0-0 Be6 18. a4 Bd5 19. Rfd1 Bxe4 20. Rxd8+ Rxd8 21. Qxe4 axb4 22. cxb4 Nd4 23. Nxe5 f5 24. Qe3 Nc2 25. Qb3+ Kh7 26. Qxc2 Qxe5 27. Rc1 Rd4 28. b5 Qd5 29. c6 Rd2 30. Qc4 Rd1+ 31. Kh2 Qxc4 32. Rxc4 bxc6 33. bxc6 Rd8 34. c7 Rc8 35. a5 1-0

[Event "Bucharest Firescu Memorial (Women)"]
[Site "Bucharest"]
[Date "2023.12.16"]
[Round "2"]
[White "Cosma, Elena Luminita"]
[Black "Stanciu, Andreea Briana"]
[Result "1/2-1/2"]
[WhiteElo "2234"]
[BlackElo "1960"]
[PlyCount "50"]
[EventDate "2023.12.16"]
[EventType "tourn (rapid)"]
[EventRounds "9"]
[EventCountry "ROU"]
[SourceTitle "CB51_2023"]
[SourceDate "2023.12.20"]
[SourceVersion "1"]
[SourceVersionDate "2023.12.20"]
[SourceQuality "1"]

1. d4 d5 2. Nf3 Nf6 3. g3 Bg4 4. Bg2 e6 5. Ne5 Bf5 6. 0-0 Nbd7 7. c4 c6 8. Qb3 Qb6 9. Nxd7 Nxd7 10. Qxb6 axb6 11. cxd5 exd5 12. Bf4 Be7 13. Nd2 Nf6 14. Rfe1 0-0 15. e4 dxe4 16. Nxe4 Bxe4 17. Bxe4 Bb4 18. Re2 Nxe4 19. Rxe4 Rfe8 20. Rxe8+ Rxe8 21. a3 Bf8 22. Kf1 b5 23. Re1 Rxe1+ 24. Kxe1 f6 25. Ke2 Kf7 1/2-1/2

[Event "Bucharest Firescu Memorial (Women)"]
[Site "Bucharest"]
[Date "2023.12.16"]
[Round "8"]
[White "Maria, Lia Alexandra"]
[Black "Stanciu, Andreea Briana"]
[Result "1/2-1/2"]
[WhiteElo "1937"]
[BlackElo "1960"]
[PlyCount "51"]
[EventDate "2023.12.16"]
[EventType "tourn (rapid)"]
[EventRounds "9"]
[EventCountry "ROU"]
[SourceTitle "CB51_2023"]
[SourceDate "2023.12.20"]
[SourceVersion "1"]
[SourceVersionDate "2023.12.20"]
[SourceQuality "1"]

1. c4 e5 2. Nc3 Nc6 3. g3 g6 4. Bg2 Bg7 5. e3 d6 6. Nge2 f5 7. 0-0 Nf6 8. f4 e4 9. d3 exd3 10. Qxd3 0-0 11. a3 Re8 12. Rb1 a5 13. b3 Bd7 14. Nd4 Nxd4 15. exd4 Bc6 16. d5 Bd7 17. Be3 Ng4 18. Bd4 Bxd4+ 19. Qxd4 Qf6 20. Qxf6 Nxf6 21. Rfe1 Kf7 22. h3 h6 23. Kf2 g5 24. Nb5 Bxb5 25. cxb5 Rxe1 26. Rxe1 1/2-1/2

[Event "Bucharest Firescu Memorial (Women)"]
[Site "Bucharest"]
[Date "2023.12.16"]
[Round "9"]
[White "Stanciu, Andreea Briana"]
[Black "Nastase, Andreea Cristina"]
[Result "1/2-1/2"]
[WhiteElo "1960"]
[BlackElo "2043"]
[PlyCount "115"]
[EventDate "2023.12.16"]
[EventType "tourn (rapid)"]
[EventRounds "9"]
[EventCountry "ROU"]
[SourceTitle "CB51_2023"]
[SourceDate "2023.12.20"]
[SourceVersion "1"]
[SourceVersionDate "2023.12.20"]
[SourceQuality "1"]

1. e4 c6 2. d4 d5 3. exd5 cxd5 4. Bd3 Nf6 5. c3 Nc6 6. Bf4 Bg4 7. Qb3 Qc8 8. Nd2 e6 9. Ngf3 Be7 10. 0-0 0-0 11. Rfe1 a6 12. h3 Bh5 13. a4 Qd7 14. Ne5 Nxe5 15. Bxe5 Bg6 16. Bxg6 hxg6 17. Bxf6 gxf6 18. Nf3 Bd6 19. Re2 Rab8 20. Qc2 b5 21. h4 Kg7 22. axb5 axb5 23. Qd3 b4 24. cxb4 Rxb4 25. Rc2 Rfb8 26. Ra2 Rb3 27. Qe2 Qb7 28. Ne1 e5 29. Ra6 Qe7 30. dxe5 fxe5 31. Nd3 e4 32. Nc1 R3b7 33. b3 d4 34. Rcc6 Bf4 35. Qg4 Bxc1 36. Rxc1 Rxb3 37. h5 R3b6 38. Ra4 Rd8 39. Rd1 Rbd6 40. Ra3 Qe6 41. Qg3 Qf5 42. hxg6 Rxg6 43. Qc7 Rd7 44. Qc4 Qg4 45. Qf1 d3 46. Ra4 Qf5 47. Qe1 Rdd6 48. Qxe4 Qc5 49. Rc4 Qg5 50. g3 d2 51. Qf4 Qd5 52. Rc2 Rh6 53. f3 Rdf6 54. Rcxd2 Qxf3 55. Qxf3 Rxf3 56. Kg2 Rb3 57. Rd3 Rxd3 58. Rxd3 1/2-1/2

[Event "Brasov GP RO"]
[Site "Brasov"]
[Date "2023.07.17"]
[Round "2"]
[White "Stanciu, Andreea Briana"]
[Black "Ognean, Mihnea Ionut"]
[Result "0-1"]
[WhiteElo "1908"]
[BlackElo "2337"]
[PlyCount "119"]
[EventDate "2023.07.16"]
[EventType "swiss"]
[EventRounds "9"]
[EventCountry "ROU"]
[SourceTitle "CBM 215 Extra"]
[Source "ChessBase"]
[SourceDate "2023.09.30"]
[SourceVersion "1"]
[SourceVersionDate "2023.09.30"]
[SourceQuality "1"]

1. e4 c5 2. Nc3 Nc6 3. Bb5 Nd4 4. Nf3 a6 5. Bd3 e6 6. 0-0 Nc6 7. Re1 d6 8. Bf1 Nf6 9. d4 cxd4 10. Nxd4 Qc7 11. a4 Be7 12. Kh1 0-0 13. f4 Re8 14. Nxc6 bxc6 15. e5 Nd7 16. Bd3 g6 17. Qg4 d5 18. h4 Nc5 19. h5 Nxd3 20. cxd3 a5 21. d4 Rb8 22. Re3 Qa7 23. Rg3 Qxd4 24. Be3 Qc4 25. Rc1 Rxb2 26. Kh2 Qb4 27. Nd1 Rb3 28. Rxc6 Qxa4 29. Rc7 Rb7 30. hxg6 hxg6 31. Qh5 Qe4 32. Nc3 Qf5 33. Qxf5 exf5 34. Nxd5 Rxc7 35. Nxc7 Rd8 36. Bb6 a4 37. Nb5 Rd2 38. Rc3 Be6 39. Be3 Rb2 40. Nd6 Rb3 41. Rxb3 axb3 42. Bc1 Bd8 43. Bb2 Bb6 44. Kg3 Bc5 45. Nb5 Kf8 46. Nd4 Kg7 47. Nxe6+ fxe6 48. Kf3 Kh6 49. g4 Bb4 50. Kg3 Be1+ 51. Kf3 fxg4+ 52. Kxg4 Bd2 53. Kf3 Kh5 54. Kg3 Be1+ 55. Kh3 Bb4 56. Kg3 Bd2 57. Kf3 Kh4 58. Ke4 Kg4 59. Kd3 Bxf4 60. Kc4 0-1

[Event "ROM-ch U20 Girls"]
[Site "Calimanesti Caciulata"]
[Date "2019.04.21"]
[Round "9"]
[White "Cimpean, Andra"]
[Black "Stanciu, Andreea Briana"]
[Result "0-1"]
[WhiteElo "1868"]
[BlackElo "1930"]
[PlyCount "88"]
[EventDate "2019.04.15"]
[EventType "tourn"]
[EventRounds "10"]
[EventCountry "ROU"]
[SourceTitle "CBM 190 Extra"]
[Source "ChessBase"]
[SourceDate "2019.07.15"]
[SourceVersion "1"]
[SourceVersionDate "2019.07.15"]
[SourceQuality "1"]

1. e4 e5 2. Nf3 Nc6 3. Bc4 Bc5 4. c3 Nf6 5. d3 d6 6. Bb3 0-0 7. Bg5 h6 8. Bh4 Be6 9. Bc2 d5 10. Nbd2 dxe4 11. dxe4 g5 12. Bg3 Nd7 13. h4 Kg7 14. hxg5 hxg5 15. Qe2 f6 16. Nb3 Bd6 17. Nfd2 Nb6 18. Bd3 Qe7 19. Nf1 Rh8 20. Rg1 Qf7 21. Ne3 Ne7 22. Na5 Rab8 23. Nac4 Nxc4 24. Nxc4 Ng6 25. Nxd6 cxd6 26. f3 Rbc8 27. a3 Bb3 28. Qe3 b6 29. Bf2 Nf4 30. Ba6 Rcd8 31. g3 Nh3 32. Rg2 d5 33. Bd3 d4 34. cxd4 Rxd4 35. Qe2 Nxf2 36. Rxf2 Rxd3 37. Qxd3 Bc4 38. Qd6 Rh1+ 39. Kd2 Rxa1 40. f4 Bb3 41. Ke3 Re1+ 42. Re2 gxf4+ 43. gxf4 Rxe2+ 44. Kxe2 Qh5+ 0-1

[Event "ROM-ch U20 Girls"]
[Site "Calimanesti Caciulata"]
[Date "2019.04.19"]
[Round "6"]
[White "Nastase, Andreea Cristina"]
[Black "Stanciu, Andreea Briana"]
[Result "1/2-1/2"]
[WhiteElo "1935"]
[BlackElo "1930"]
[PlyCount "39"]
[EventDate "2019.04.15"]
[EventType "tourn"]
[EventRounds "10"]
[EventCountry "ROU"]
[SourceTitle "CBM 190 Extra"]
[Source "ChessBase"]
[SourceDate "2019.07.15"]
[SourceVersion "1"]
[SourceVersionDate "2019.07.15"]
[SourceQuality "1"]

1. d4 f5 2. c4 e6 3. Nc3 Nf6 4. Bf4 Be7 5. e3 0-0 6. d5 d6 7. dxe6 Bxe6 8. Nf3 Kh8 9. Nd4 Bd7 10. Bd3 g6 11. Be2 Nc6 12. Bf3 Qc8 13. Bh6 Re8 14. h4 Ne5 15. Nd5 Bd8 16. Be2 Nf7 17. Bf4 c6 18. Nc3 Ba5 19. Nb3 Bc7 20. Qd4 1/2-1/2

[Event "ROM-ch U20 Girls"]
[Site "Calimanesti Caciulata"]
[Date "2019.04.15"]
[Round "1"]
[White "Stanciu, Andreea Briana"]
[Black "Nastase, Andreea Cristina"]
[Result "1/2-1/2"]
[WhiteElo "1930"]
[BlackElo "1935"]
[PlyCount "65"]
[EventDate "2019.04.15"]
[EventType "tourn"]
[EventRounds "10"]
[EventCountry "ROU"]
[SourceTitle "CBM 190 Extra"]
[Source "ChessBase"]
[SourceDate "2019.07.15"]
[SourceVersion "1"]
[SourceVersionDate "2019.07.15"]
[SourceQuality "1"]

1. e4 c5 2. Nf3 d6 3. d4 cxd4 4. Nxd4 Nf6 5. Nc3 a6 6. Be2 e6 7. 0-0 Be7 8. Be3 0-0 9. a4 Nc6 10. f4 Qc7 11. Kh1 Bd7 12. Bf3 Rad8 13. Qe1 Nxd4 14. Bxd4 e5 15. Be3 Bc6 16. Rd1 b5 17. axb5 axb5 18. Ra1 Ra8 19. g3 b4 20. fxe5 bxc3 21. exf6 Bxf6 22. Rxa8 Bxa8 23. bxc3 Qc4 24. Kg1 Qxc3 25. Qf2 Qc4 26. Rd1 Bxe4 27. Bxe4 Qxe4 28. Rxd6 Rb8 29. Rb6 Rc8 30. Rb3 Be5 31. Rd3 f6 32. Qd2 Qa8 33. Bb6 1/2-1/2

[Event "ROM-chT (Women)"]
[Site "Sovata"]
[Date "2018.11.29"]
[Round "5.4"]
[White "Patru, Alexandra Ioana"]
[Black "Stanciu, Andreea Briana"]
[Result "0-1"]
[WhiteElo "1631"]
[BlackElo "1953"]
[PlyCount "139"]
[EventDate "2018.11.25"]
[EventType "team-tourn"]
[EventRounds "7"]
[EventCountry "ROU"]
[SourceTitle "CBM 187 Extra"]
[Source "ChessBase"]
[SourceDate "2018.11.04"]
[SourceVersion "1"]
[SourceVersionDate "2018.11.04"]
[SourceQuality "1"]
[WhiteTeam "Ploiesti CSU (W)"]
[BlackTeam "Arnia Chessit (W)"]
[WhiteTeamCountry "ROU"]
[BlackTeamCountry "ROU"]

1. d4 Nf6 2. Nf3 e6 3. c4 d5 4. e3 Nbd7 5. Bd3 c6 6. Nbd2 Be7 7. b3 0-0 8. Bb2 b6 9. 0-0 Bb7 10. Ne5 Nxe5 11. dxe5 Nd7 12. Qg4 Nc5 13. Bc2 Qe8 14. f4 f5 15. Qh3 a5 16. cxd5 cxd5 17. Nf3 Ne4 18. Bxe4 dxe4 19. Nd4 Bc5 20. Rfd1 Bd5 21. a3 Rc8 22. Rdc1 Qe7 23. Qg3 g6 24. Qe1 h6 25. Qd1 g5 26. g3 gxf4 27. gxf4 Kh7 28. Kh1 Rg8 29. b4 Qg7 30. Qe2 axb4 31. axb4 Bxb4 32. Rxc8 Rxc8 33. Rg1 Qf7 34. Qa6 Rb8 35. Qb5 Bc5 36. Qf1 b5 37. Rg3 Bc4 38. Qg2 Rg8 39. Ba1 Rxg3 40. hxg3 Qh5+ 41. Qh2 Qxh2+ 42. Kxh2 b4 43. Bb2 Kg6 44. Kh3 Kh5 45. Kg2 Kg4 46. Ba1 b3 47. Bb2 h5 48. Kf2 h4 49. gxh4 Kxh4 50. Nc6 Kg4 51. Nd4 Kh5 52. Nc6 Kg6 53. Bc1 Kf7 54. Nd8+ Ke7 55. Nb7 Bb4 56. Nd6 Ba6 57. Bb2 Bd2 58. Ba3 Kd7 59. Bb2 Kc6 60. Nf7 Kd5 61. Nd6 Kc5 62. Ba3+ Kb6 63. Bb2 Ka5 64. Nf7 Kb4 65. Nd8 Bc8 66. Nc6+ Kc4 67. Nd4 Bc3 68. Bc1 b2 69. Bxb2 Bxb2 70. Nc6 0-1

[Event "ROM-chT (Women)"]
[Site "Sovata"]
[Date "2018.11.26"]
[Round "2.2"]
[White "Lehaci, Miruna Daria"]
[Black "Stanciu, Andreea Briana"]
[Result "0-1"]
[WhiteElo "2067"]
[BlackElo "1953"]
[PlyCount "140"]
[EventDate "2018.11.25"]
[EventType "team-tourn"]
[EventRounds "7"]
[EventCountry "ROU"]
[SourceTitle "CBM 187 Extra"]
[Source "ChessBase"]
[SourceDate "2018.11.04"]
[SourceVersion "1"]
[SourceVersionDate "2018.11.04"]
[SourceQuality "1"]
[WhiteTeam "Iasi Politehnica (W)"]
[BlackTeam "Arnia Chessit (W)"]
[WhiteTeamCountry "ROU"]
[BlackTeamCountry "ROU"]

1. e4 e5 2. Nf3 Nc6 3. Bb5 a6 4. Ba4 Nf6 5. d3 d6 6. c4 g6 7. Nc3 Bg7 8. h3 0-0 9. 0-0 h6 10. Be3 Bd7 11. Nd5 Nxd5 12. cxd5 Ne7 13. Bxd7 Qxd7 14. d4 f5 15. dxe5 dxe5 16. Bc5 Kh7 17. d6 cxd6 18. Qxd6 Qxd6 19. Bxd6 Rfe8 20. Rfe1 Nc6 21. Rac1 Rad8 22. Bc5 Rd7 23. a4 a5 24. Bb6 Bf6 25. Red1 Ree7 26. Rxd7 Rxd7 27. Re1 Kg7 28. Kf1 Kf7 29. Re3 Ke6 30. Ne1 Bg5 31. Rg3 fxe4 32. Bc5 Kf5 33. Rb3 h5 34. g3 Ke6 35. h4 Bd8 36. Nc2 b6 37. Be3 Rd3 38. Rc3 Kd5 39. Ke2 Rxc3 40. bxc3 Kc4 41. Kd2 Kb3 42. Na1+ Kxa4 43. Kc2 Kb5 44. Nb3 Kc4 45. Nd2+ Kd5 46. c4+ Ke6 47. Nxe4 Bc7 48. Nc3 Nb4+ 49. Kb3 Kd7 50. Ne4 Bd8 51. f3 Nc6 52. Kc3 Kc7 53. Kd3 Nb4+ 54. Kc3 Be7 55. Ng5 Nc6 56. g4 Nd4 57. gxh5 gxh5 58. Kd3 Nf5 59. Bf2 Bxg5 60. hxg5 h4 61. Ke4 h3 62. Bg1 Nh4 63. Bh2 Kd6 64. Bxe5+ Ke6 65. Bh2 a4 66. g6 a3 67. g7 Kf7 68. Kf4 a2 69. Kg4 Ng6 70. Kg5 Kxg7 0-1